[Event "Arco op"]
[Site "Arco"]
[Date "2011.12.28"]
[Round "5"]
[White "Ziglio, Giorgio"]
[Black "Paltrinieri, Mario"]
[Result "0-1"]
[WhiteElo "1467"]
[BlackElo "1690"]
[PlyCount "113"]
[EventDate "2011.12.26"]
[EventType "swiss"]
[EventRounds "7"]
[EventCountry "ITA"]
[SourceTitle "EXT 2023"]
[Source "ChessBase"]
[SourceDate "2022.10.05"]
[SourceVersion "1"]
[SourceVersionDate "2022.10.05"]
[SourceQuality "1"]

1. e4 d5 2. Nc3 d4 3. Na4 e5 4. d3 b5 5. c3 bxa4 6. Qxa4+ Bd7 7. Qc2 c5 8. Nf3 Nc6 9. Be2 Nf6 10. 0-0 Be7 11. h3 0-0 12. Bd2 Kh8 13. Nh2 Qc7 14. g4 Rad8 15. a3 a5 16. c4 Ne8 17. Nf3 h5 18. Nh2 hxg4 19. Nxg4 f5 20. Nh2 fxe4 21. Bg4 Bxg4 22. Nxg4 exd3 23. Qxd3 Nf6 24. f3 Qd7 25. Qg6 Qe8 26. Qd3 Qh5 27. Kg2 Bd6 28. Be1 Rde8 29. Nxf6 Rxf6 30. Qe4 Rg6+ 31. Kf2 Qxh3 32. Qxg6 Rf8 33. Qg2 Qf5 34. Qh2+ Kg8 35. Kg2 Qc2+ 36. Bf2 Qxc4 37. Rh1 Qd5 38. Qh8+ Kf7 39. Qh5+ Ke6 40. Qg6+ Rf6 41. Qg4+ Kf7 42. Bh4 Rg6 43. Bg5 Be7 44. Qf5+ Bf6 45. Rh5 Ne7 46. Qg4 e4 47. f4 e3+ 48. Qf3 Qb3 49. f5 Qxb2+ 50. Kg3 Rxg5+ 51. Rxg5 Qxa1 52. Qh5+ Kf8 53. Qh8+ Ng8 54. Rg6 Qg1+ 55. Kf3 Qf2+ 56. Ke4 e2 57. Kd5 0-1

[Event "Arco op"]
[Site "Arco"]
[Date "2011.12.26"]
[Round "1"]
[White "Ziglio, Giorgio"]
[Black "Lezzerini, Marco"]
[Result "0-1"]
[WhiteElo "1467"]
[BlackElo "1871"]
[PlyCount "116"]
[EventDate "2011.12.26"]
[EventType "swiss"]
[EventRounds "7"]
[EventCountry "ITA"]
[SourceTitle "EXT 2023"]
[Source "ChessBase"]
[SourceDate "2022.10.05"]
[SourceVersion "1"]
[SourceVersionDate "2022.10.05"]
[SourceQuality "1"]

1. d4 d6 2. c4 e5 3. Nf3 e4 4. Ng5 f5 5. Nh3 Be7 6. Nc3 Nf6 7. Nd5 0-0 8. Nxf6+ Bxf6 9. e3 c6 10. Be2 a5 11. 0-0 d5 12. Nf4 Bg5 13. b3 Kh8 14. g3 Bh6 15. Ba3 Rg8 16. Nh5 g6 17. Nf4 g5 18. Ng2 f4 19. exf4 gxf4 20. Bc1 Qf6 21. Nxf4 Bxf4 22. Bxf4 Qxf4 23. Kg2 Qh6 24. Kh1 Qh3 25. Rg1 Bg4 26. f3 Bf5 27. Qd2 Bg6 28. Bf1 Qf5 29. fxe4 Qxe4+ 30. Bg2 Qd3 31. Qf4 Qf5 32. Rad1 Qxf4 33. gxf4 Bf7 34. Bf1 Rxg1+ 35. Kxg1 Nd7 36. Re1 Re8 37. Rxe8+ Bxe8 38. Bh3 Kg7 39. Kg2 Kf6 40. Kf3 dxc4 41. bxc4 Ke7 42. Ke4 Bf7 43. Bf1 Nb6 44. c5 Nd5 45. a3 Kf6 46. Bh3 Be6 47. Bxe6 Kxe6 48. f5+ Kf6 49. h4 h5 50. a4 Ne7 51. Kf4 Nxf5 52. Ke4 Nxh4 53. d5 cxd5+ 54. Kxd5 Nf5 55. Ke4 h4 56. Kf4 Ke6 57. Kg4 Kd5 58. Kxf5 h3 0-1